Dictionary of symbols
Αποθηκεύτηκε σε:
| Κύριος συγγραφέας: | |
|---|---|
| Μορφή: | Βιβλίο |
| Γλώσσα: | English Swedish |
| Δημοσίευση: |
Santa Barbara :
ABC-CLIO,
1991.
|
| Θέματα: | |
| Ετικέτες: |
Προσθήκη ετικέτας
Δεν υπάρχουν, Καταχωρήστε ετικέτα πρώτοι!
|
MARC
| LEADER | 00000cam a2200000 i 4500 | ||
|---|---|---|---|
| 001 | 1/4170 | ||
| 008 | 960507s1991 cau| ||| |||| ||eng|| | ||
| 020 | |a 0874366100 | ||
| 035 | |l 10015481 | ||
| 040 | |a GR-MyUA |b gre |e AACR2 | ||
| 041 | 1 | |a eng |h swe | |
| 082 | 0 | |a 302.222 | |
| 100 | 1 | |a Liungman, Carl G., |d 1938- | |
| 245 | 1 | 0 | |a Dictionary of symbols / |c Carl G. Liungman. |
| 260 | |a Santa Barbara : |b ABC-CLIO, |c 1991. | ||
| 300 | |a 596 σ. : |b εικ. ; | ||
| 500 | |a Τίτλος πρωτοτύπου: Symboler. | ||
| 504 | |a Περιέχει βιβλιογραφικές αναφορές και ευρετήρια. | ||
| 650 | 0 | 0 | |a Signs and symbols. |
| 650 | 0 | 0 | |a Picture-writing. |
| 852 | |a INST |b LESVOS |e 19960507 |h 302.222 LIU |p 005100010349 |q 005100010349 |t BK |y 0 | ||
| 909 | |a Λ |b 044052 | ||